LEADER 03192nam 2200673 a 450 001 9910146099903321 005 20170816122619.0 010 $a1-282-34584-2 010 $a9786612345845 010 $a0-470-51332-2 010 $a0-470-51333-0 035 $a(CKB)1000000000724776 035 $a(EBL)470471 035 $a(OCoLC)609849381 035 $a(SSID)ssj0000309521 035 $a(PQKBManifestationID)11257931 035 $a(PQKBTitleCode)TC0000309521 035 $a(PQKBWorkID)10282655 035 $a(PQKB)11534018 035 $a(MiAaPQ)EBC470471 035 $a(EXLCZ)991000000000724776 100 $a19860214d1986 uy 0 101 0 $aeng 135 $aur|n|---||||| 181 $ctxt 182 $cc 183 $acr 200 00$aSilicon biochemistry$b[electronic resource] 210 $aChichester [West Sussex] ;$aNew York $cWiley$d1986 215 $a1 online resource (274 p.) 225 1 $aCiba Foundation symposium ;$v121 300 $aEditors: David Evered (organizer) and Maeve O'Connor. 300 $aBased on the Symposium on Silicon Biochemistry, held at the Ciba Foundation, London, 17-19 September 1985. 300 $a"A Wiley-Interscience publication." 311 $a0-471-91025-2 320 $aIncludes bibliographical references and indexes. 327 $aSilicon biochemistry; Contents; Participants; General introduction; Sources and speciation of aluminium and silicon in natuial waters; Introduction to silicon chemistry and biochemistry; Structural aspects of biogenic silica; Silicification by diatoms; Silica in higher plants; General discussion; A primer on organosilicon chemistry; Silicon as an essential trace element in animal nutrition; Biological implications of the interaction (via silanol groups) of silicon with.metal ions; Aluminosilicates and the ageing brain: implications for the pathogenesis of Alzheimer's disease 327 $aEffects of silica on lung collagenUrinary and serum silicon in normal and uraemic individuals; Silica and oesophageal cancer; Biocompatibility of silicates for medical use; Final general discussion; Index of contributors; Subject index 330 $aSilicon is the second most abundant element in the Earth's crust, and is found in water, plants and organisms. The contributors decribe how silica gets into and out of organisms and discuss how essential or harmful silicon or silicon-based compounds are in higher animals. 410 0$aCiba Foundation symposium ;$v121. 606 $aSilicon$xPhysiological effect$vCongresses 606 $aOrganosilicon compounds$vCongresses 606 $aSilicon in the body$vCongresses 608 $aElectronic books. 615 0$aSilicon$xPhysiological effect 615 0$aOrganosilicon compounds 615 0$aSilicon in the body 676 $a574.19 676 $a574.19214 701 $aEvered$b David$0857127 701 $aO'Connor$b Maeve$0284912 712 12$aSymposium on Silicon Biochemistry$f(1985 :$eCiba Foundation) 801 0$bMiAaPQ 801 1$bMiAaPQ 801 2$bMiAaPQ 906 $aBOOK 912 $a9910146099903321 996 $aSilicon biochemistry$92221366 997 $aUNINA LEADER 02485nam 2200577 450 001 9910820404903321 005 20170822144455.0 010 $a1-4704-0312-9 035 $a(CKB)3360000000464903 035 $a(EBL)3114462 035 $a(SSID)ssj0000973437 035 $a(PQKBManifestationID)11514583 035 $a(PQKBTitleCode)TC0000973437 035 $a(PQKBWorkID)10978852 035 $a(PQKB)10290546 035 $a(MiAaPQ)EBC3114462 035 $a(RPAM)12274259 035 $a(PPN)195416058 035 $a(EXLCZ)993360000000464903 100 $a20010109h20012001 uy| 0 101 0 $aeng 135 $aur|n|---||||| 181 $ctxt 182 $cc 183 $acr 200 14$aThe Dirichlet problem for parabolic operators with singular drift terms /$fSteve Hofmann, John L. Lewis 210 1$aProvidence, Rhode Island :$cAmerican Mathematical Society,$d[2001] 210 4$dİ2001 215 $a1 online resource (129 p.) 225 1 $aMemoirs of the American Mathematical Society,$x0065-9266 ;$vnumber 719 300 $a"Volume 151, number 719 (end of volume)." 311 $a0-8218-2684-0 320 $aIncludes bibliographical references. 327 $a""Contents""; ""Chapter I. The Dirichlet Problem and Parabolic Measure""; ""1. Introduction""; ""2. Statement of Results""; ""3. Basic Estimates""; ""4. Proof of Theorem 2.13 in a Special Case""; ""5. Proof of Theorem 2.13""; ""6. References""; ""Chapter II. Absolute Continuity and the L[sup(p)] Dirichlet Problem: Part 1""; ""1. Introduction""; ""2. Preliminary Reductions for Theorem 1.10""; ""3. Lemmas on Parabolic Measure""; ""4. Extrapolation""; ""5. References""; ""Chapter III. Absolute Continuity and the L[sup(p)] Dirichlet Problem: Part 2""; ""1. Introduction"" 327 $a""2. Proof of Theorem 1.7 in a Special Case""""3. Proof of Theorem 1.7""; ""4. Elliptic Results""; ""5. References"" 410 0$aMemoirs of the American Mathematical Society ;$vno. 719. 606 $aDirichlet problem 606 $aParabolic operators 615 0$aDirichlet problem. 615 0$aParabolic operators. 676 $a510 s 676 $a515/.353 700 $aHofmann$b Steve$f1958-$01714351 702 $aLewis$b John L.$f1943- 801 0$bMiAaPQ 801 1$bMiAaPQ 801 2$bMiAaPQ 906 $aBOOK 912 $a9910820404903321 996 $aThe Dirichlet problem for parabolic operators with singular drift terms$94108095 997 $aUNINA